Statistics for West Ham United Best Scorer By Year

Click here to take the quiz!

General Stats

  • This quiz has been taken 326 times
    (110 since last reset)
  • The average score is 10 of 37

Answer Stats

Player% Correct
Michail Antonio
94%
Jarrod Bowen
92%
Paolo Di Canio
61%
Saïd Benrahma
59%
Carlton Cole
53%
Dimitri Payet
53%
Geoff Hurst
45%
Andy Carroll
44%
Tomáš Souček
44%
Marko Arnautović
37%
Tony Cottee
33%
Kevin Nolan
29%
Diafra Sakho
26%
Ian Wright
26%
Demba Ba
25%
Marlon Harewood
24%
Bobby Zamora
23%
Dean Ashton
23%
John Hartson
23%
Billy Bonds
22%
Frédéric Kanouté
20%
Frank McAvennie
18%
John Dick
18%
Paul Kitson
17%
Bryan Robson
14%
David Cross
14%
Paul Goddard
13%
Trevor Morley
13%
Alan Taylor
11%
Julian Dicks
11%
Clyde Best
8%
Johnny Byrne
8%
Mike Small
8%
Billy Jennings
5%
Malcolm Musgrove
5%
Derek Hales
3%
Leroy Rosenior
3%

Score Distribution

Percentile by Number Answered

Percent of People with Each Score

Your Score History

You have not taken this quiz since the last reset